La frontera septentrional del imperio romano durante la segunda mitad del ±largo» siglo VI polt̕ica exterior y relaciones internacionales /

Detalles Bibliográficos
Autor principal: Fernǹdez Delgado, Aitor
Formato: eBook
Lenguaje:español
Publicado: Madrid: Dykinson, 2021
Materias:
Acceso en línea:Acceso restringido

MARC

LEADER 00000nam a22000007a 4500
005 20220630215439.0
007 cr|||| ||||
008 220630s2021 ea |||||s|||| 00||0 spa d
020 |a 978-84-1122-039-2 
035 |a 36148 
040 |a vLex 
090 |c 13501  |d 13501 
100 1 |a Fernǹdez Delgado, Aitor 
245 1 2 |a La frontera septentrional del imperio romano durante la segunda mitad del ±largo» siglo VI  |h [Recurso electrn̤ico] :  |b polt̕ica exterior y relaciones internacionales /  |c Aitor Fernǹdez Delgado 
256 |a Servicio en ln̕ea 
260 |a Madrid:  |b Dykinson,  |c 2021 
300 |a 1 recurso electrn̤ico 
506 1 |a Disponible solo en los productos indicados  |d vLex Global  |d vLex Global (Academic Edition, excluding Law Schools)  |d vLex Global (U.S. Academic Edition, Law Schools)  |d vLex Global (U.S. Academic Edition, excluding Law Schools)  |d vLex Global (Academic Edition, Law Schools) 
650 0 4 |a Derecho Internacional  |z Espaą 
740 0 |a vLex Libros (Servicio en ln̕ea) 
856 4 0 |u https://app.vlex.com/#/sources/36148  |z Acceso restringido 
942 |c BOOK 
999 0 |a International right